=LDR 00000nam 2200000 4500 =001 001027 =005 20250712031053 =035 ##$$a 0010-0725000906 =007 ta =008 250712################a##########0#ind## =020 ##$$a 978-623-472-619-0 =082 ##$$a 398.209 598 =084 ##$$a 398.209 598 CHA m =100 #$$a Chavan, Madhav =245 1#$$a Manis dan Asam /$c Madhav Chavan =250 ##$$a cetakan pertama =260 ##$$a Jakarta :$b badan pengembangan dan pembinaan bahasa,$c 2022 =300 ##$$a 20 hlm. : $b ilus. ; $c 22,9 cm$e 398.209 598 =650 #4$$a literasi bahan bacaan =856 ##$$a tbm as suhada =990 ##$$a TBM202400762